|
|
|
|
| LEADER |
00960nam a2200277 a 4500 |
| 001 |
577 |
| 003 |
BD-DhAAL |
| 005 |
20150315114036.0 |
| 008 |
150315s1989 nyua b 001 0 eng |
| 010 |
|
|
|a 88017423
|
| 020 |
|
|
|a 0471620823
|
| 040 |
|
|
|a DLC
|c DLC
|d DLC
|d BD-DhAAL
|
| 050 |
0 |
0 |
|a QH84.1
|b .Y68 1989
|
| 082 |
0 |
0 |
|a 508.311/3
|2 19
|
| 100 |
1 |
|
|a Young, Steven B.
|9 9664
|
| 245 |
1 |
0 |
|a To the Arctic :
|b an introduction to the far northern world /
|c Steven B. Young.
|
| 260 |
|
|
|a New York :
|b Wiley,
|c c1989.
|
| 300 |
|
|
|a xiii, 354 p. :
|b ill. ;
|c 25 cm.
|
| 490 |
|
|
|a Wiley science editions
|
| 504 |
|
|
|a Includes bibliographies and index.
|
| 541 |
|
|
|e 577
|
| 650 |
|
0 |
|a Natural history
|z Arctic regions.
|9 9665
|
| 651 |
|
0 |
|a Arctic regions
|x Description and travel.
|9 9666
|
| 942 |
|
|
|2 ddc
|c BK
|
| 999 |
|
|
|c 34045
|d 34045
|
| 952 |
|
|
|0 0
|1 0
|2 ddc
|4 0
|6 508_311300000000000_YOU
|7 0
|9 53136
|a SCL
|b SCL
|c GEN
|d 2015-03-15
|l 0
|o 508.3113 YOU
|p 3020000577
|r 2015-03-15
|t 1
|w 2015-03-15
|y BK
|